| 000 | 01124cam a22002294a 4500 | ||
|---|---|---|---|
| 005 | 20250605164017.0 | ||
| 008 | 250528s ||||||||||||||||||||||||d | ||
| 035 | _a16185 | ||
| 020 | _a471548855 | ||
| 040 |
_aGR-AtMCL _bgre _dGR-AtMCL _eAACR2 |
||
| 245 | 1 | _aSolid State Physics Simulations / The Consortium for Upper-Level Physics Software | |
| 260 |
_bJohn Wiley And Sons, Inc, _c1996 |
||
| 300 | _a180 | ||
| 520 | _aThis book is one volume in a series of nine book/ software packages developed by the Consortium for Upper-Level Physics Software. Introduction, Phonon Dispersion Curves and the Density of States, Lattice Specific Heat of Solids, Electron States in a One-Dimensional Lattice, Energy Bands and Gaps and Eigenfunctions in an Infinite Lattice, Forced Motion of a Wave Packet in a 1-D Lattice, Inhomogeneous Semiconductor Laboratory, LCAO Workbench, Appendix, Walk-Throughs for All Programs. | ||
| 700 | 1 |
_aJohnston Ian _92245 |
|
| 700 | 1 |
_aKeeler Graham _92246 |
|
| 700 | 1 |
_aRollins Roger _92247 |
|
| 700 | 1 |
_aSpicklemire Steven _92248 |
|
| 942 | _cBK | ||
| 999 |
_c1719 _d1719 |
||